00432nam a2200157Ia 450000500170000000800410001704100080005808200150006610000170008124500250009826000550012330000090017850000240018765000230021170000400023420230414111227.0230125s9999 xx 000 0 und d aeng a658.8bKUL aKulkarni M V aIndustrial Marketing c2010bSymbiosis centre for distance learningaPune a388p aMCQs in Management  aMCQs in Management aKulkarni M V & Nandini Madan, Donor